Back to basics (Record no. 76965)
[ view plain ]
| 000 -LEADER | |
|---|---|
| fixed length control field | 01096cab a2200181 4500 |
| 001 - CONTROL NUMBER | |
| control field | ##L133377 |
| 008 - FIXED-LENGTH DATA ELEMENTS--GENERAL INFORMATION | |
| fixed length control field | 060504n2006 000 0 eng u |
| 035 ## - SYSTEM CONTROL NUMBER | |
| System control number | (Sirsi) u133377 |
| 041 0# - LANGUAGE CODE | |
| Language code of text/sound track or separate title | eng |
| 100 1# - MAIN ENTRY--PERSONAL NAME | |
| Personal name | Lawson, David |
| 245 00 - TITLE STATEMENT | |
| Title | Back to basics |
| Remainder of title | facilities management |
| 260 ## - PUBLICATION, DISTRIBUTION, ETC. | |
| Date of publication, distribution, etc. | 2006 |
| 490 #0 - SERIES STATEMENT | |
| Series statement | Property Week |
| Volume/sequential designation | 71(17) 28 April 2006, 137(1) |
| 520 ## - SUMMARY, ETC. | |
| Summary, etc. | Occupiers are beginning to recognise the benefits of using outsource facilities management companies. They are seen as being beneficiary in not only cutting costs, but also as a strategic tool in deciding how much space they need, and where. This includes being part of an advanced taskforce involved in quizzing agents about how buildings work, rather than allowing real estate managers to make decisions based on rent. Some critics believe that flexible long-term occupancy contracts are the way forward because they allow the occupier to retain control of the property, while surplus space can be turned into an asset by letting it out. |
| 590 ## - LOCAL NOTE (RLIN) | |
| Local note | IKA090506 |
| 690 ## - LOCAL SUBJECT ADDED ENTRY--TOPICAL TERM (OCLC, RLIN) | |
| Topical term or geographic name as entry element | MANAGEMENT-FACILITIES MANAGEMENT |
| 942 ## - ADDED ENTRY ELEMENTS (KOHA) | |
| Suppress in OPAC | 0 |
| Withdrawn status | Lost status | Source of classification or shelving scheme | Damaged status | Not for loan | Home library | Current library | Shelving location | Date acquired | Total Checkouts | Full call number | Barcode | Date last seen | Copy number | Price effective from | Koha item type |
|---|---|---|---|---|---|---|---|---|---|---|---|---|---|---|---|
| Dewey Decimal Classification | London | London | Journal article | 04/05/2006 | L133377 | 133377-1001 | 06/08/2019 | 1 | 06/08/2019 | Journal article |